000 00459cam a22001577a 4500
008 180718b2006 xxu||||| |||| 00| 0 eng d
020 _a8180521281
082 _aL8 J-334
100 _aJayapandian, S.
245 _aAccounting for managers: effective techniques for decision making
_cby S. Jayapandian
260 _aDelhi
_bAne Books
_c2006
300 _a566p.
650 _aManagerial accounting
650 _aFinancial - Accounting
650 _aAccounting
999 _c406086
_d406086